| 000 | 00687cam a22001935a 4500 | ||
|---|---|---|---|
| 001 | L157234 | ||
| 008 | 121002s1875 xxk f 000 0 eng d | ||
| 035 | _a(Sirsi) u157234 | ||
| 041 | 0 | _aeng | |
| 100 | 1 | _aHedley, Thomas Fenwick | |
| 245 | 0 | 0 |
_aObservations on the value of profits of trade _band the allowances for interest and tenants' profits, in rating railways, canals, docks, and gas and water works |
| 260 |
_aSunderland _bPrinted by B. Williams _c1875 |
||
| 300 |
_a[410] p. _c21 cm. |
||
| 520 | _aContains a handwritten index. | ||
| 583 |
_aCondition reviewed _c20120620 _lcondition level |
||
| 651 | 4 |
_aGreat Britain _y1707- |
|
| 690 | _aFinance and taxation | ||
| 942 | _n0 | ||
| 999 |
_c114664 _d114664 |
||